| 000 | 01127nam a2200241Ia 4500 | ||
|---|---|---|---|
| 003 | Ost | ||
| 005 | 20260507075635.0 | ||
| 008 | 260507s9999||||xx |||||||||||||| ||und|| | ||
| 020 | _a6085069957 | ||
| 040 | _cfsecg | ||
| 041 | _aara | ||
| 082 | _a338.5 | ||
| 100 |
_aحسام، داود _eمؤلف |
||
| 245 | 0 |
_aمبادئ الإقتصاد الجزئي / _c داود حسام |
|
| 250 | _aطبعة 2 | ||
| 260 |
_aعمان: _bدار المسيرة للنشر والتوزيع, _c2002 |
||
| 300 |
_a296 صفحة؛ _bإيضاحات ؛ _c24 سم |
||
| 520 | _aمفاهيم إقتصادية عامة- الطلب والخدمات على السلع- العرض من السلع والخدمات- تفاعل الطلب والعرض في السوق- المرونات- سلوك المستهلك- الإنتاج والتكاليف- سلوك المؤسسات الإقتصادية في ظل الاسواق المختلفة- سوق عناصر الإنتاج | ||
| 653 | _aالإقتصاد | ||
| 653 | _aالإقتصاد الجزئي | ||
| 700 |
_aالصعيدي، عماد وآخرون _eمؤلف ثانوي |
||
| 942 | _cكتاب | ||
| 999 |
_c45283 _d45283 |
||